书目信息 |
| 题名: |
当代教师素质教育论文选
|
|
| 作者: | 彭倩可 主编 ;余耀国 , 何柯可 | |
| 分册: | 上 | |
| 出版信息: | 乌鲁木齐 新疆人民出版社 1995.12 |
|
| 页数: | 374页 | |
| 开本: | 40cm | |
| 丛书名: | ||
| 单 册: | ||
| 中图分类: | J121 , G4-53 | |
| 科图分类: | ||
| 主题词: | 艺术--作品--中国--现代--选集 , 教育 | |
| 电子资源: | ||
| ISBN: | 7-228-03676-X | |
| 000 | 00789nam0 2200253 450 | |
| 001 | 1548394019 | |
| 005 | 20150122165356.25 | |
| 010 | @a7-228-03676-X@b精装@dCNY19.80 | |
| 100 | @a19990129d1995 em y0chiy0121 ea | |
| 101 | 0 | @achi |
| 102 | @aCN@b650000 | |
| 105 | @af z 000yy | |
| 200 | 10 | @a当代教师素质教育论文选@Adang dai jiao shi su zhi jiao yu lun wen xuan@9Lei Feng Zhi Ge Shu Hua Da Dian@h上@f彭倩可主编@Fpeng qian ke zhu bian |
| 210 | @a乌鲁木齐@c新疆人民出版社@d1995.12 | |
| 215 | @a374页@c图@d40cm | |
| 606 | @a艺术@x作品@y中国@z现代@x选集 | |
| 606 | 0 | @a教育 |
| 690 | @aJ121@v5 | |
| 690 | @aG4-53@v4 | |
| 701 | 0 | @a彭倩可@Apeng qian ke@4主编 |
| 702 | 0 | @a余耀国@9Yu Yao Guo |
| 702 | 0 | @a何柯可@9He Ke Ke |
| 801 | 0 | @aCN@bTSSF@c20150122 |
| 905 | @aZUCC@dG4-53@eJY104:1 | |
| 当代教师素质教育论文选.上/彭倩可主编.-乌鲁木齐:新疆人民出版社,1995.12 |
| 374页:图;40cm |
| ISBN 7-228-03676-X(精装):CNY19.80 |
| ● |
| 相关链接 |
|
|
|
|
正题名:当代教师素质教育论文选
索取号:G4-53/JY104:1
 
预约/预借
| 序号 | 登录号 | 条形码 | 馆藏地/架位号 | 状态 | 备注 |
| 1 | 7840047 | 278400473 | 学院路分馆/ [索取号:G4-53/JY104:1] | 在馆 | |
| 2 | 7840048 | 278400482 | 学院路分馆/ [索取号:G4-53/JY104:1] | 在馆 | |
| 3 | 7852826 | 278528265 | 学院路分馆/ [索取号:G4-53/JY104:1] | 在馆 | |
| 4 | 7852827 | 278528274 | 学院路分馆/ [索取号:G4-53/JY104:1] | 在馆 | |
| 5 | 7852828 | 278528283 | 学院路分馆/ [索取号:G4-53/JY104:1] | 在馆 | |
| 6 | 7852829 | 278528292 | 学院路分馆/ [索取号:G4-53/JY104:1] | 在馆 |